| 000 -LEADER | |
|---|---|
| fixed length control field | 00799nam a22002297a 4500 |
| 005 - DATE AND TIME OF LATEST TRANSACTION | |
| control field | 20250224105856.0 |
| 008 - FIXED-LENGTH DATA ELEMENTS--GENERAL INFORMATION | |
| fixed length control field | 230427b ||||| |||| 00| 0 eng d |
| 020 ## - INTERNATIONAL STANDARD BOOK NUMBER | |
| International Standard Book Number | 9780135245941 |
| 040 ## - CATALOGING SOURCE | |
| Transcribing agency | KCST |
| 082 ## - DEWEY DECIMAL CLASSIFICATION NUMBER | |
| Classification number | 428.34 |
| Item number | Fe Un |
| 100 ## - MAIN ENTRY--PERSONAL NAME | |
| Personal name | Fettig, Cynthia |
| 9 (RLIN) | 5738 |
| 245 ## - TITLE STATEMENT | |
| Title | University success : listening and speaking : beginning / |
| Statement of responsibility, etc. | Cynthia Fettig |
| 260 ## - PUBLICATION, DISTRIBUTION, ETC. | |
| Place of publication, distribution, etc. | Hoboken, NJ: |
| Name of publisher, distributor, etc. | Pearson Education; |
| Date of publication, distribution, etc. | 2020. |
| 300 ## - PHYSICAL DESCRIPTION | |
| Extent | 1 vol. (xx-216 p.): |
| Other physical details | ill. in col. ; |
| Dimensions | 28cm. |
| 521 ## - TARGET AUDIENCE NOTE | |
| Target audience note | Public level: CEFR A1, Global Scale of English (GSE): 22-32. |
| 650 ## - SUBJECT ADDED ENTRY--TOPICAL TERM | |
| Topical term or geographic name entry element | English (language) |
| 9 (RLIN) | 2090 |
| 650 ## - SUBJECT ADDED ENTRY--TOPICAL TERM | |
| Topical term or geographic name entry element | Language Study and Teaching |
| 9 (RLIN) | 5739 |
| 650 ## - SUBJECT ADDED ENTRY--TOPICAL TERM | |
| Topical term or geographic name entry element | English Speakers |
| 9 (RLIN) | 5740 |
| 650 ## - SUBJECT ADDED ENTRY--TOPICAL TERM | |
| Topical term or geographic name entry element | Problems and exercises |
| 9 (RLIN) | 5741 |
| 650 ## - SUBJECT ADDED ENTRY--TOPICAL TERM | |
| Topical term or geographic name entry element | English Vocabularies and Phrasebooks |
| 9 (RLIN) | 5742 |
| 942 ## - ADDED ENTRY ELEMENTS (KOHA) | |
| Source of classification or shelving scheme | Dewey Decimal Classification |
| Koha item type | Course Textbook |
| Withdrawn status | Lost status | Source of classification or shelving scheme | Damaged status | Not for loan | Home library | Current library | Date acquired | Source of acquisition | Cost, normal purchase price | Total checkouts | Full call number | Barcode | Date last seen | Price effective from | Koha item type |
|---|---|---|---|---|---|---|---|---|---|---|---|---|---|---|---|
| Dewey Decimal Classification | KCST Library | KCST Library | 27/04/2023 | Complimentary from Publisher | 0.00 | 428.34 Fe Un | 1000000775 | 27/04/2023 | 27/04/2023 | Course Textbook | |||||
| Dewey Decimal Classification | KCST Library | KCST Library | 27/04/2023 | Complimentary from Publisher | 0.00 | 428.34 Fe Un | 1000000776 | 27/04/2023 | 27/04/2023 | Course Textbook | |||||
| Dewey Decimal Classification | KCST Library | KCST Library | 27/04/2023 | Complimentary from Publisher | 0.00 | 428.34 Fe Un | 1000000777 | 27/04/2023 | 27/04/2023 | Course Textbook | |||||
| Dewey Decimal Classification | KCST Library | KCST Library | 17/09/2023 | Procured - KCST-INV001 | 20.25 | 428.34 Fe Un | 1000001165 | 17/09/2023 | 17/09/2023 | Course Textbook | |||||
| Dewey Decimal Classification | KCST Library | KCST Library | 17/09/2023 | Procured - KCST-INV001 | 20.25 | 428.34 Fe Un | 1000001166 | 17/09/2023 | 17/09/2023 | Course Textbook | |||||
| Dewey Decimal Classification | KCST Library | KCST Library | 17/09/2023 | Procured - KCST-INV001 | 20.25 | 428.34 Fe Un | 1000001167 | 17/09/2023 | 17/09/2023 | Course Textbook | |||||
| Dewey Decimal Classification | KCST Library | KCST Library | 17/09/2023 | Procured - KCST-INV001 | 20.25 | 428.34 Fe Un | 1000001168 | 17/09/2023 | 17/09/2023 | Course Textbook | |||||
| Dewey Decimal Classification | KCST Library | KCST Library | 17/09/2023 | Procured - KCST-INV001 | 20.25 | 428.34 Fe Un | 1000001169 | 17/09/2023 | 17/09/2023 | Course Textbook | |||||
| Dewey Decimal Classification | KCST Library | KCST Library | 17/09/2023 | Procured - KCST-INV001 | 20.25 | 428.34 Fe Un | 1000001170 | 17/09/2023 | 17/09/2023 | Course Textbook | |||||
| Dewey Decimal Classification | KCST Library | KCST Library | 17/09/2023 | Procured - KCST-INV001 | 20.25 | 428.34 Fe Un | 1000001171 | 17/09/2023 | 17/09/2023 | Course Textbook | |||||
| Dewey Decimal Classification | KCST Library | KCST Library | 17/09/2023 | Procured - KCST-INV001 | 20.25 | 428.34 Fe Un | 1000001172 | 17/09/2023 | 17/09/2023 | Course Textbook |